Episcopus Institutus Opus Non Episcopis modo, sed Parochis, Confessariis, & Ecclesiasticis omnbus perutile, & prope necessarium Tomus Secundus Complectens Enchiridion, Seu, Manulae Episcoporum Pro Decretis in Visitatione, & Synodo de quacumque re condendis, in quo Decreta Concilii Tridentini, Bullarii Pontificii, Sacrarum Congr. Rom. Conciliorum septem Provincialium Mediolanensium, tum omnia, quae de officio & potestate Episcopi a probatis Auctoribus tradita fuerunt, per quasi Aphorismos, exquisita, copiosa, & brevi methodo continentur, Una cum Additionibus Ad Idem Enchiridion

Bibliographic Details
Main Authors: Gavanto, Bartholomeus, 1587-1638 (Author), Benedikt XIV., pápež, 1675-1758 (Author)
Corporate Author: Casa Remondini (Benátky, Taliansko) (Printer)
Format: Book
Language:Latin
Published: Ferrariae, Sed prostant Venetiis Apud Remondini MDCCLX. [1760]
Subjects:

MARC

LEADER 00000cam a22000003a 4500
001 vtls009856102
003 SK-MaSNL
005 20260302010610.0
008 200609s1760 it 010 0 lat
015 |a SNBHFA1760 
020 |q (viaz.) 
035 |a (SVKBBclas03)vtls000243512 
035 |a urn:nbn:sk:snk-amtinv 
035 |a urn:nbn:sk:snk-am00c4bi 
035 |a 4F7D34C3-57A7-4BCC-994A-FF8AEE89FDF9 
040 |a SNK  |b slo  |c SNK  |e AACR2 
041 0 |a lat 
044 |a it  |c IT 
072 7 |a 27  |x Kresťanstvo. Kresťanská cirkev všeobecne. Ekleziológia  |2 konspekt 
080 |a 2-72  |2 2001 
080 |a 272-732.2-284/-285  |2 2001 
080 |a 27-732.3/.4  |2 2001 
100 1 |a Gavanto, Bartholomeus,  |d 1587-1638  |4 aut  |9 597312 
245 1 0 |a Episcopus Institutus Opus Non Episcopis modo, sed Parochis, Confessariis, & Ecclesiasticis omnbus perutile, & prope necessarium  |n Tomus Secundus  |p Complectens Enchiridion, Seu, Manulae Episcoporum Pro Decretis in Visitatione, & Synodo de quacumque re condendis, in quo Decreta Concilii Tridentini, Bullarii Pontificii, Sacrarum Congr. Rom. Conciliorum septem Provincialium Mediolanensium, tum omnia, quae de officio & potestate Episcopi a probatis Auctoribus tradita fuerunt, per quasi Aphorismos, exquisita, copiosa, & brevi methodo continentur, Una cum Additionibus Ad Idem Enchiridion  |c A Bartholomaeo Gavanto Congreg. Cleric. Reg. S. Pauli, & Sacr. Rituum Congreg. Consltore elucubratum, ac tribus libris comprehensum, Nunc In Moralium Theologorum Gratiam ; Adnotationibus, Bullis Pontificum, Sacrarum Concilii, Et Rituum Congregationum Decretis Ad Nostra Tempora, Atque Intergis Aliquot Libris Ad Moralem Theologiam Pertinentibus Ex Aureo Benedicti XIV. De Synodo Dioecesana Commentario decerptis a praestantissimo S. Theologiae atque Juris Canonici Professore locupletatum, inque duos Tomos tributum 
246 3 8 |a P. Gavanto Episcopus Institutus  |n Tom: I. & II. 
260 |a Ferrariae, Sed prostant Venetiis  |b Apud Remondini  |c MDCCLX. [1760] 
300 |a [ii], iii-viii, 288 s.  |c 8° (26x19 cm) 
500 |a Živé záhlavie, vinety, kustódy, ozdobné iniciálky, iniciálky na dva riadky tlačené bez pozadia 
501 |a Príväzok 1. k: GAVANTO, Bartholomeus: Episcopus Institutus Opus Non Episcopis modo, sed Parochis, Confessariis, & Ecclesiasticis omnbus perutile, & prope necessarium. Tomus Primus. Complectens Enchiridion, Seu Manuale Episcoporum. Ferrariae, Sed prostant Venetiis : Apud Remondini, MDCCLX. [=1760].  |5 SNK IC 142425/1-2 
504 |a Register 
505 2 |a Prítlačok 1.:  |t Manualis Episcoporum P. Bartholomaei Gavanti. Pars Secunda  |g 105 s. 
508 |a Predslov 
541 |c v správe ŠVK Banská Bystrica  |f Rímskokatolícky biskupský úrad Banská Bystrica 
546 |a Latinčina  |b Antikva  |b Kurzíva 
561 |a Knižnica banskobystrického biskupského seminára.  |5 ŠVKBB 
561 |a Miestny odbor Matice slovenskej, Bratislava.  |5 ŠVKBB 
561 |a [Slovenská národná knižnica v Matici slovenskej, Martin].  |5 ŠVKBB 
561 |a Knižnica Melchiora Nižňanského.  |5 ŠVKBB 
561 |a Knižnica banskobystrickej kapituly.  |5 ŠVKBB 
561 |a Pôvodný exlibris: Franciscus Comes Berchtoldt.  |5 SNK IC 142425/1-2 
561 |a Supralibros z roku 1765 zobrazujúci erb cirkevného hodnostára.  |5 SNK IC 142425/1-2 
650 0 7 |a pápežské dokumenty  |2 SNKPH  |9 62416 
650 0 7 |a cirkev  |2 SNKPH  |9 1922 
650 0 7 |a synody  |2 SNKPH  |9 4150 
700 0 |a Benedikt  |b XIV.,  |c pápež,  |d 1675-1758  |4 aut  |9 100176 
700 1 |a Berchtold, František,  |d 1730-1793  |4 fmo  |9 166588 
700 1 |a Gavanto, Bartholomeus,  |d 1587-1638  |t Manualis Episcoporum P. Bartholomaei Gavanti. Pars Secunda  |4 aut  |9 649805 
710 2 |a Casa Remondini (Benátky, Taliansko),  |d ?-1797  |4 prt  |9 353338 
740 0 2 |a Manualis Episcoporum P. Bartholomaei Gavanti  |n Pars Secunda 
752 |a Taliansko  |d Benátky 
852 |a študovňa historických knižných fondov  |b Seminárna knižnica 
852 |a snk  |b Historické fondy  |p IC 142425/1-2 
958 |a ONDV 
958 |a DD 
958 |a NT 
999 |c 1003321  |d 1005251 
952 |t BE 28  |a SNK  |b SNK  |c SNK_HF  |y PREZ  |7 0  |p 17A1128343  |o snkIC 142425/1-2/prív.1  |i snk2016/4210  |8 5  |0 0  |1 0  |4 0  |d 2016-02-16  |f 1  |l 0  |r 2026-02-24 12:27:07  |w 2026-02-24